000 00751nam a2200229Ia 4500
003 OSt
005 20230511090608.0
008 210423s2014 xx 000 0 und d
020 _a978-0-415-73599-5
040 _cAL
041 _aeng
082 _a338.1 PALC
100 _aPALANISAMI (K );RANGANATHAN (C R );NAGOTHU( Udaya Shekar);KAKUMANU ( Krishna Reddy )
_9102073
245 _aClimate change and agriculture in India: studies from selected river basins
260 _aNew Delhi
_bRoutledge
_c2014
300 _axxii,319p
_bHB
365 _b895
_cINR
650 _aEconomics
_9102074
650 _aProduction Economics
_9102075
906 _aagriculture ; basins ; change ; Climate ; India: ; river ; selected ; studies
942 _2ddc
_cBK
999 _c165772
_d165772